000 00567cam a2200193 4500500
005 20260329005427.0
041 _afre
042 _adc
100 1 0 _aLarmagnac-Matheron, Octave
_eauthor
245 0 0 _aSartre à la plage
260 _c2023.
500 _a44
690 _aElsa Godart
690 _aExistentialisme
690 _aSartre
690 _aSituation
786 0 _nPhilosophie magazine | 171 | 8 | 2023-07-01 | p. 62-62 | 1951-1787
856 4 1 _uhttps://shs.cairn.info/magazine-philosophie-magazine-2023-8-page-62?lang=fr&redirect-ssocas=7080
999 _c1843297
_d1843297